|
|
|
|
| LEADER |
00000nam0a2200000 4500 |
| 001 |
157566 |
| 005 |
20231101221956.0 |
| 010 |
|
|
|a 9785020232600
|b (в пер.)
|b 400 экз.
|
| 021 |
|
|
|a RU
|b 09-5025
|9 09-285
|
| 035 |
|
|
|a (RuTPU)RU\TPU\book\170908
|
| 090 |
|
|
|a 157566
|
| 100 |
|
|
|a 20090330d2008 k y0rusy5002 ca
|
| 101 |
0 |
|
|a rus
|
| 102 |
|
|
|a RU
|
| 105 |
|
|
|a a z 001zy
|
| 200 |
1 |
|
|a Оптимизационные модели межпопуляционных взаимодействий
|f В. Г. Суховольский, Т. Р. Исхаков, О. В. Тарасова
|g Институт леса им. В. Н. Сукачева СО РАН ; Красноярский научный центр СО РАН, Международный научный центр исследований экстремальных состояний организма ; Сибирский федеральный университет (СФУ) ; отв. ред. Р. Г. Хлебопрос
|
| 210 |
|
|
|a Новосибирск
|c Наука
|d 2008
|
| 215 |
|
|
|a 161 с.
|c ил.
|
| 320 |
|
|
|a Библиогр.: с. 151-159.
|
| 330 |
|
|
|a В монографии рассматриваются фундаментальные научные проблемы взаимодействия популяций в экосистеме и устойчивости сообществ и экосистем. Сопоставлены различные парадигмы, определяющие взаимодействия между популяциями в экосистемах. Дано описание оптимизационного подхода к моделированию межпопуляционных взаимодействий и введена классификация их типов. Приведены методы анализа устойчивости сообществ и экосистем в рамках этого подхода. Рассмотрены оптимизационные модели прямых (конкуренция за ресурс, взаимодействие «хищник — жертва») и косвенных взаимодействий (кооперация, аменсализм, комменсализм), модели потребления ресурсов особями в популяциях. Предложены модели, описывающие пространственное распределение особей в экосистемах. С точки зрения оптимизационного подхода рассмотрены вспышки массового размножения лесных насекомых. Анализируется связь между биоразнообразием экосистемы и ее устойчивостью. Книга рассчитана на экологов и специалистов по математическому моделированию экологических процессов, студентов и аспирантов.
|
| 606 |
1 |
|
|a Популяции
|x (биология)
|2 stltpush
|3 (RuTPU)RU\TPU\subj\68191
|9 83674
|
| 610 |
1 |
|
|a межпопуляционные взаимодействия
|
| 610 |
1 |
|
|a оптимизационные модели
|
| 610 |
1 |
|
|a феноменология
|
| 610 |
1 |
|
|a экология
|
| 610 |
1 |
|
|a насекомые
|
| 610 |
1 |
|
|a кормовые растения
|
| 610 |
1 |
|
|a пространственная динамика
|
| 610 |
1 |
|
|a экосистемы
|
| 610 |
1 |
|
|a экосистемы
|
| 610 |
1 |
|
|a биоразнообразие
|
| 610 |
1 |
|
|a леса
|
| 675 |
|
|
|a 574.3
|v 3
|
| 700 |
|
1 |
|a Суховольский
|b В. Г.
|g Владислав Григорьевич
|
| 701 |
|
1 |
|a Исхаков
|b Т. Р.
|g Тимур Рауфович
|
| 701 |
|
1 |
|a Тарасова
|b О. В.
|g Ольга Викторовна
|
| 702 |
|
1 |
|a Хлебопрос
|b Р. Г.
|g Рэм Григорьевич
|4 340
|
| 712 |
0 |
2 |
|a Российская академия наук (РАН)
|b Сибирское отделение (СО)
|b Институт леса им. В. Н. Сукачева (ИЛ)
|c (Красноярск)
|2 stltpush
|3 (RuTPU)RU\TPU\col\14663
|
| 712 |
0 |
2 |
|a Российская академия наук (РАН)
|b Сибирское отделение (СО)
|b Красноярский научный центр (КНЦ)
|b Международный научный центр исследований экстремальных состояний организма
|2 stltpush
|3 (RuTPU)RU\TPU\col\6201
|
| 712 |
0 |
2 |
|a Сибирский федеральный университет (СФУ)
|c (Красноярск)
|2 stltpush
|3 (RuTPU)RU\TPU\col\11098
|
| 801 |
|
1 |
|a RU
|b 63413507
|c 20090409
|g PSBO
|
| 801 |
|
2 |
|a RU
|b 63413507
|c 20150528
|g PSBO
|
| 942 |
|
|
|c BK
|
| 959 |
|
|
|a 48/20090409
|d 2
|e 85,00
|f АНЛ:1
|f ЧЗТЛ:1
|